| 000 | 00553nam a2200229Ia 4500 | ||
|---|---|---|---|
| 003 | 0100 | ||
| 008 | 130227s9999 xx 000 0 und d | ||
| 040 | _cARRUPELIB | ||
| 050 | _aJV51.Y75 2003 | ||
| 100 | _aYoung, Robert J. C. | ||
| 245 | _aPost-colonialism | ||
| 245 | _ba very short introduction | ||
| 260 | _aOxford | ||
| 260 | _bUniversity Press | ||
| 260 | _C2003 | ||
| 300 | _a178p. | ||
| 300 | _b 18cm. | ||
| 440 | _aPostcolonialism | ||
| 650 | _bScience- Philosophy- History | ||
| 650 | _cPhilosophy- Biography | ||
| 942 |
_2lcc _01 |
||
| 999 |
_c7300 _d7300 |
||